书目信息 |
| 题名: |
明诗别裁集
|
|
| 作者: | 沈德潜周准 著 | |
| 分册: | ||
| 出版信息: | 上海 上海古籍出版社 1979.9 |
|
| 页数: | 340页 | |
| 开本: | 20cm | |
| 丛书名: | ||
| 单 册: | ||
| 中图分类: | I222.748 | |
| 科图分类: | ||
| 主题词: | 古体诗--中国--明代 | |
| 电子资源: | ||
| ISBN: | ||
| 000 | 00508nam0 2200181 45 | |
| 001 | 0312221749 | |
| 005 | 20060820150956.73 | |
| 010 | @dCNY1.30 | |
| 100 | @a20031222d1979 km y0chiy0120 ea | |
| 101 | @achi | |
| 200 | 1 | @a明诗别裁集@AMing Shi Bie Cai Ji@f沈德潜周准著@FShen De Qian Zhou Zhun Zhu |
| 210 | @a上海@c上海古籍出版社@d1979.9 | |
| 215 | @a340页@d20cm | |
| 606 | 0 | @a古体诗@y中国@z明代 |
| 690 | @aI222.748@v3 | |
| 701 | 0 | @a沈德潜周准@4著 |
| 801 | @aCN@bTSTCL@c20060820 | |
| 905 | @dI222.748@e29@b32634@f1 | |
| 明诗别裁集/沈德潜周准著.-上海:上海古籍出版社,1979.9 |
| 340页;20cm |
| ISBN :CNY1.30 |
| ● |
| 相关链接 |
|
|
|
|
正题名:明诗别裁集
索取号:I222.748/29
 
预约/预借
| 序号 | 登录号 | 条形码 | 馆藏地/架位号 | 状态 | 备注 |
| 1 | 0021730 | 000965735 | 第一样本阅览室/ [索取号:I222.748/29] | 在馆 | |
| 2 | 0032633 | 000965744 | 密集书库/ [索取号:I222.748/29] | 在馆 | |
| 3 | 0032634 | 002010996 | 密集书库/ [索取号:I222.748/29] | 在馆 | |
| 4 | 0032635 | 000965753 | 第二借阅区/ [索取号:I222.748/29] | 在馆 | |
| 5 | 0148426 | 000965717 | 密集书库/ [索取号:I222.748/29] | 在馆 | |
| 6 | 0148427 | 000965726 | 密集书库/ [索取号:I222.748/29] | 在馆 | |
| 7 | 0471397 | 204713970 | 密集书库/ [索取号:I222.748/29] | 在馆 | |
| 8 | 0471463 | 204714639 | 密集书库/ [索取号:I222.748/29] | 在馆 | |
| 9 | 0471469 | 204714693 | 密集书库/ [索取号:I222.748/29] | 在馆 |